JetPunk, M.D.: Prescribe the Best Medicine 💊 - Statistics

General Stats
  • This quiz has been taken 684 times
  • The average score is 16 of 27
Answer Stats
Hint Answer % Correct
erectile dysfunction sildenafil (Viagra)
90%
severe pain morphine
84%
headache aspirin
79%
type 1 Diabetes insulin (Lantus)
77%
opioid overdose naloxone (Narcan)
74%
bacterial infection amoxicillin
73%
iron-deficiency anemia ferrous sulfate
72%
ADHD methylphenidate (Ritalin)
70%
depression fluoxetine (Prozac)
67%
type 2 Diabetes metformin (Glucophage)
67%
allergic reaction diphenhydramine (Benadryl)
66%
asthma albuterol (Ventolin)
65%
high cholesterol atorvastatin (Lipitor)
61%
hypertension ACE inhibitor: lisinopril
59%
HIV/AIDS antiretroviral therapy (Truvada)
57%
acid reflux (GERD) PPI: omeprazole (Prilosec)
57%
herpes simplex acyclovir
56%
bipolar disorder lithium
53%
Parkinson’s disease levodopa=L-DOPA
50%
anxiety diazepam (Valium)
48%
osteoporosis alendronate (Fosamax)
41%
fungal infection fluconazole (Diflucan)
40%
migraine sumatriptan (Imitrex)
40%
tuberculosis isoniazid
38%
epilepsy carbamazepine (Tegretol)
35%
schizophrenia olanzapine (Zyprexa)
35%
malaria artemisinin
28%
No matching quizzes found
Score Distribution
Percent of People with Each Score
Percentile by Number Answered
Your Score History
You have not taken this quiz